000 00579nam a2200205Ia 4500
005 20250508162752.0
008 008 250505s9999 xx 000 0 eng d
037 _aTextual
040 _aFEDL
_beng
_cFEDL
041 _aeng
_2eng
084 _a330.954, DHI
_qFEDL
100 _aDhingra I. C.
245 0 _aEconomic development and planning in India
260 _aNew Delhi, India
_bSultan Chand and Sons
_c1981
300 _aix,372p.
650 _aEconomics
700 _a Garg V. K.
_9774012
942 _cTEXL
_h330.954, DHI
999 _c1378601
_d1378601